00339nam a2200121 a 4500008004100000020001500041050001500056100001600071245006900087260004200156300001000198350000900208120416s1988 ||||||||||||||||| || u a0521327652 aNX 543 Cam aFord, Boris14aThe Cambridge guide to the arts in Britaincedited by Boris Ford aCambridgebThe University Pressc1988 aVol.9 a0.00